| 000 | 00658nam a22002297a 4500 | ||
|---|---|---|---|
| 003 | UA-OsUOA | ||
| 001 | 41869 | ||
| 007 | ta | ||
| 008 | 20081110b un ||||| |||| 00| 0 ukr d | ||
| 100 | _aСич Мирослав | ||
| 090 |
_a94(477).09 _bС41 |
||
| 942 | _cBK | ||
| 040 |
_aUA-OsUOA _bukr _cUA-OsUOA _dUA-OsUOA |
||
| 245 | _aУкраїнська кооперація в Галичині під час ІІ світової війни | ||
| 300 | _a334 с. | ||
| 955 | _a1 | ||
| 041 | _aukr | ||
| 080 | _a94(477).09 | ||
| 260 |
_aЛьвів _b"НТШ" _c2000 |
||
| 650 | 7 |
_a9 Географія. Біографії. Історія _2UDC |
|
| 999 |
_c440368 _d440368 |
||